Sports Quiz

Random Sports Quiz

All the teams in the Big Four leagues Quiz Stats

 Plays Quiz not verified by Sporcle

Support Sporcle.
Go Orange.
Score 0/123 Timer 20:00
0 Plays Today
Hint Team % Correct
MLB-AL-EastBoston Red Sox
98.8%
MLB-NL-CentralCincinnati Reds
98.8%
MLB-AL-EastNew York Yankees
98.2%
NBA-EC-AtlanticBoston Celtics
96.9%
NBA-EC-CentralChicago Bulls
96.3%
NBA-EC-SoutheastMiami Heat
96.3%
NFL-NFC-NorthGreen Bay Packers
96.3%
NBA-EC-AtlanticBrooklyn Nets
96%
NBA-EC-AtlanticNew York Knicks
96%
MLB-NL-EastNew York Mets
95.7%
NFL-AFC-EastNew York Jets
95.7%
NFL-NFC-WestSeattle Seahawks
95.7%
NHL-WC-CentralWinnipeg Jets
95.7%
NBA-WC-NorthwestUtah Jazz
95.4%
NFL-NFC-NorthChicago Bears
95.4%
NFL-NFC-WestSan Francisco 49ers
95.4%
MLB-AL-CentralChicago White Sox
95.1%
MLB-NL-CentralChicago Cubs
95.1%
NBA-EC-AtlanticPhiladelphia 76ers
95.1%
NBA-WC-PacificLos Angeles Lakers
95.1%
NFL-NFC-EastDallas Cowboys
95.1%
NFL-NFC-NorthMinnesota Vikings
95.1%
NHL-EC-MetropolitanNew York Rangers
95.1%
MLB-AL-WestTexas Rangers
94.8%
NFL-AFC-NorthPittsburgh Steelers
94.8%
NHL-EC-MetropolitanPittsburgh Penguins
94.5%
NFL-AFC-SouthIndianapolis Colts
93.9%
NFL-NFC-NorthDetroit Lions
93.9%
NFL-NFC-SouthCarolina Panthers
93.9%
NBA-EC-SoutheastOrlando Magic
93.6%
NBA-WC-PacificGolden State Warriors
93.6%
NBA-WC-SouthwestSan Antonio Spurs
93.6%
NHL-EC-AtlanticFlorida Panthers
93.6%
MLB-NL-WestSan Francisco Giants
93.3%
NFL-NFC-EastNew York Giants
93.3%
NBA-EC-SoutheastCharlotte Hornets
92.9%
NBA-WC-PacificPhoenix Suns
92.9%
NBA-WC-PacificSacramento Kings
92.9%
NFL-AFC-EastBuffalo Bills
92.9%
NHL-WC-PacificLos Angeles Kings
92.9%
NFL-NFC-EastWashington Redskins
92.6%
Hint Team % Correct
NFL-AFC-SouthHouston Texans
92.3%
NFL-NFC-SouthTampa Bay Buccaneers
92.3%
MLB-AL-CentralDetroit Tigers
92%
NBA-WC-SouthwestHouston Rockets
92%
NFL-AFC-EastNew England Patriots
92%
MLB-AL-EastBaltimore Orioles
91.7%
NBA-WC-NorthwestOklahoma City Thunder
91.4%
NBA-WC-PacificLos Angeles Clippers
91.4%
MLB-NL-CentralSt. Louis Cardinals
91.1%
NBA-EC-AtlanticToronto Raptors
91.1%
NBA-WC-NorthwestMinnesota Timberwolves
91.1%
NFL-AFC-WestKansas City Chiefs
91.1%
NFL-NFC-WestArizona Cardinals
91.1%
NBA-EC-SoutheastAtlanta Hawks
90.8%
NFL-AFC-WestDenver Broncos
90.8%
NFL-AFC-WestSan Diego Chargers
90.8%
NFL-NFC-WestLos Angeles Rams
90.8%
NHL-EC-MetropolitanPhiladelphia Flyers
90.8%
MLB-AL-WestHouston Astros
90.5%
NFL-AFC-SouthJacksonville Jaguars
90.5%
NHL-EC-MetropolitanNew Jersey Devils
90.5%
NHL-WC-CentralSt. Louis Blues
90.5%
NBA-EC-CentralMilwaukee Bucks
90.2%
NBA-WC-NorthwestPortland Trail Blazers
90.2%
NHL-EC-MetropolitanWashington Capitals
90.2%
MLB-NL-EastPhiladelphia Phillies
89.9%
NBA-WC-NorthwestDenver Nuggets
89.9%
NBA-WC-SouthwestMemphis Grizzlies
89.9%
MLB-AL-CentralMinnesota Twins
89.6%
MLB-AL-WestSeattle Mariners
89.6%
NBA-WC-SouthwestDallas Mavericks
89.6%
NFL-AFC-NorthBaltimore Ravens
89.6%
MLB-AL-CentralCleveland Indians
89.3%
NBA-EC-CentralCleveland Cavaliers
89.3%
NFL-NFC-SouthAtlanta Falcons
89%
NFL-AFC-NorthCleveland Browns
88.7%
MLB-AL-EastToronto Blue Jays
88.3%
NHL-WC-PacificVegas Golden Knights
88.1%
MLB-NL-EastAtlanta Braves
88%
MLB-NL-EastWashington Nationals
88%
MLB-NL-WestLos Angeles Dodgers
88%
Hint Team % Correct
NBA-EC-CentralIndiana Pacers
88%
NFL-AFC-SouthTennessee Titans
88%
NHL-EC-AtlanticBoston Bruins
88%
NFL-AFC-EastMiami Dolphins
87.7%
NHL-WC-PacificEdmonton Oilers
87.7%
NBA-EC-SoutheastWashington Wizards
87.4%
NHL-EC-AtlanticMontreal Canadiens
87.4%
MLB-AL-EastTampa Bay Rays
87.1%
MLB-NL-WestArizona Diamondbacks
87.1%
MLB-NL-EastMiami Marlins
86.8%
NFL-NFC-SouthNew Orleans Saints
86.8%
MLB-NL-CentralMilwaukee Brewers
86.5%
NBA-WC-SouthwestNew Orleans Pelicans
86.5%
NFL-AFC-NorthCincinnati Bengals
86.5%
NFL-NFC-EastPhiladelphia Eagles
86.5%
NHL-EC-MetropolitanNew York Islanders
86.5%
MLB-NL-CentralPittsburgh Pirates
86.2%
NHL-WC-PacificVancouver Canucks
86.2%
NHL-WC-CentralColorado Avalanche
86.2%
NFL-AFC-WestOakland Raiders
85.9%
NHL-EC-AtlanticToronto Maple Leafs
85.9%
NHL-WC-PacificAnaheim Ducks
85.9%
NHL-WC-CentralDallas Stars
85.6%
NHL-EC-AtlanticDetroit Red Wings
85.3%
MLB-AL-WestLos Angeles Angels of Anaheim
85%
NHL-WC-PacificSan Jose Sharks
84.4%
NHL-WC-CentralNashville Predators
84.4%
MLB-NL-WestColorado Rockies
84%
NBA-EC-CentralDetroit Pistons
84%
NHL-EC-AtlanticOttawa Senators
83.7%
NHL-WC-CentralChicago Blackhawks
83.4%
MLB-AL-CentralKansas City Royals
83.1%
MLB-AL-WestOakland Athletics
83.1%
NHL-WC-PacificCalgary Flames
82.8%
MLB-NL-WestSan Diego Padres
82.2%
NHL-WC-CentralMinnesota Wild
81%
NHL-EC-AtlanticBuffalo Sabres
79.1%
NHL-EC-MetropolitanColumbus Blue Jackets
78.5%
NHL-EC-AtlanticTampa Bay Lightning
77.6%
NHL-WC-PacificArizona Coyotes
77%
NHL-EC-MetropolitanCarolina Hurricanes
73.9%

You're not logged in!

Compare scores with friends on all Sporcle quizzes.
OR
Log In

From the Vault

Five Decade Movie Medley VIII

by Year_of_Glad

"Come quietly or there will be… trouble."
Remove Ads.
Support Sporcle.
Get the best of Sporcle when you Go Orange. This ad-free experience offers more features, more stats, and more fun while also helping to support Sporcle. Thank you for becoming a member.

Show Comments

Extras

Created Feb 7, 2016ReportNominate
Tags:four, League, team

Top Quizzes Today


Score Distribution

Your Account Isn't Verified!

In order to create a playlist on Sporcle, you need to verify the email address you used during registration. Go to your Sporcle Settings to finish the process.

Report this User

Report this user for behavior that violates our Community Guidelines.

Details: